000 00291nam a2200109Ia 4500
008 230907s9999||||xx |||||||||||||| ||und||
082 _a621.31042,PYR
100 _aPyrhonen, Juha.
_9115301
245 0 _aDesign of rotating electrical machines /
300 _axxvii, 584 pages ;
942 _cBK
999 _c598049
_d598049